000 01255nam a2200313Ia 4500
001 ebr10505874
003 CaPaEBR
006 m u
007 cr cn|||||||||
008 111029s2011 miua sb 001 0 eng d
020 _z0472117939
020 _z9780472027750
020 _z9780472117932
040 _aCaPaEBR
_cCaPaEBR
035 _a(OCoLC)761220805
050 1 4 _aKJE5400
_b.S53 2011eb
082 0 4 _a341.2422
_223
100 1 _aSlapin, Jonathan B.
245 1 0 _aVeto power
_h[electronic resource] :
_binstitutional design in the European Union /
_cJonathan B. Slapin.
260 _aAnn Arbor, MI :
_bUniversity of Michigan Press ;
_aLondon :
_bEurospan [distributor],
_c2011.
300 _axii, 184 p. :
_bill.
504 _aIncludes bibliographical references and index.
533 _aElectronic reproduction.
_bPalo Alto, Calif. :
_cebrary,
_d2013.
_nAvailable via World Wide Web.
_nAccess may be limited to ebrary affiliated libraries.
610 2 0 _aEuropean Union.
650 0 _aLegislative veto
_zEuropean Union countries.
655 7 _aElectronic books.
_2local
710 2 _aebrary, Inc.
856 4 0 _uhttp://site.ebrary.com/lib/rucke/Doc?id=10505874
_zAn electronic book accessible through the World Wide Web; click to view
999 _c113182
_d113182